000 00787nam a22002057a 4500
005 20110927145241.0
010 _aG-001439
020 _c195.00
_a9788183281065
035 1 d _aG-001439
037 _bGift
082 _a791.430232092
100 _aAhmed, Rauf
_934933
245 _aMehbook Khan:
_cby Fauf Ahmed
_bthe romance of history /
260 _aNew Delhi
_bWisdom Tree
_c2008
270 _a4779/23, Ansari Road, Daryaganj
_bNew Delhi
_e110002
300 _aix, 102p.
_c15cm(Hb)
_bb&w photos
942 _2ddc
_cEN
_h791.430232092
_mAHM
999 _c57059
_d57059